000 00546nas a22001817a 4500
008 130610t20109999ag ||||| |||| 00| 0 spa d
245 _aElea en Climaterio
260 _aBuenos Aires,
_bSociedad Iberoamericana de Informacion Cientifica:
_c2010
300 _av. :
546 _aespaƱol
590 _aIndizada en: SIIC Data Bases
590 _aExistencias: 2010 1(1)
650 _aCLIMATERIO
_92405
650 _aMENOPAUSIA
_92406
650 _aGINECOLOGIA
_91896
856 _uhttp://www.siicsalud.com/lmr/siicdatabases.php
942 _2ddc
_cCR
999 _c1484
_d1484